000 00284nam a2200121Ia 4500
008 190216s9999||||xx |||||||||||||| ||und||
100 _aSeth M L
245 0 _aMonetary Economics
260 _bLekshmi Narayan Agarwal
_c1981
300 _a870-20 pag
650 _aEconomics
942 _cBK
999 _c9873
_d9873